Rani Chennamma / (Record no. 63603)

MARC details
000 -LEADER
fixed length control field 00541nam a22001817a 4500
005 - DATE AND TIME OF LATEST TRANSACTION
control field 20151016115147.0
010 ## - LCCN (DPL NO)
LC control number ENG-113855
020 ## - INTERNATIONAL STANDARD BOOK NUMBER
International Standard Book Number 9788123727516
Terms of availability 95.00
035 ## - SYSTEM CONTROL NUMBER
System control number EN-97387
037 ## - SOURCE OF ACQUISITION
Source of stock number/acquisition DBAD/PUB
082 ## - DEWEY DECIMAL CLASSIFICATION NUMBER
Classification number 920
100 ## - MAIN ENTRY--PERSONAL NAME
Personal name Wodeyar, Sadashiva
245 ## - TITLE STATEMENT
Title Rani Chennamma /
Statement of responsibility, etc by Sadashiva Wodeyar
260 ## - PUBLICATION, DISTRIBUTION, ETC. (IMPRINT)
Place of publication, distribution, etc New Delhi
Name of publisher, distributor, etc National Book Trust
Date of publication, distribution, etc 2015(repr.)
270 ## - ADDRESS
Address Nehru Bhawan, 5 Institutional Area, Phase -II,
City New Delhi
Postal code 110070
300 ## - PHYSICAL DESCRIPTION
Extent ix,132p.
Dimensions 22cm(pbk)
942 ## - ADDED ENTRY ELEMENTS (KOHA)
Source of classification or shelving scheme Dewey Decimal Classification
Item type English Books
Call number suffix CHE
Classification part 920
Holdings
Withdrawn status Lost status Not for loan Collection code Home library Current library Date acquired Source of acquisition Cost, normal purchase price Full call number Barcode Copy number Cost, replacement price Koha item type
    Not For Loan Non-fiction D.B.Act.Division D.B.Act.Division 13/08/2015 DBAD/PUB 95.00 920 CHE EN-97387 1 95.00 English Books

© Delhi Public Library
Hit Counter
free hit counter